ბათუმის შოთა რუსთაველის სახელმწიფო უნივერსიტეტის ბიბლიოთეკა

Our magnificent wildlife. (ბიბ.ჩანაწერი № 47014)

000 -LEADER
fixed length control field 00494nam a2200205Ia 4500
001 - CONTROL NUMBER
control field 13870
003 - CONTROL NUMBER IDENTIFIER
control field GE_BSU
008 - FIXED-LENGTH DATA ELEMENTS--GENERAL INFORMATION
fixed length control field 181216s||||||||xx |||||||||||||| ||und||
040 ## - CATALOGING SOURCE
Transcribing agency GE_BSU
080 ## - UNIVERSAL DECIMAL CLASSIFICATION NUMBER
Universal Decimal Classification number 502
100 ## - MAIN ENTRY--PERSONAL NAME
Personal name digest,Reader's.
245 ## - TITLE STATEMENT
Title Our magnificent wildlife.
245 ## - TITLE STATEMENT
Remainder of title How to enjoy and preserve it.
260 ## - PUBLICATION, DISTRIBUTION, ETC.
Place of publication, distribution, etc. New York.
260 ## - PUBLICATION, DISTRIBUTION, ETC.
Date of publication, distribution, etc. 1975
300 ## - PHYSICAL DESCRIPTION
Extent 336p;28cm.
300 ## - PHYSICAL DESCRIPTION
Other physical details ill.
653 ## - INDEX TERM--UNCONTROLLED
Uncontrolled term Our magnificent wildlife.How to enjoy and preserve it.
942 ## - ADDED ENTRY ELEMENTS (KOHA)
Koha item type წიგნი
ეგზემპლარები
Withdrawn status Lost status Damaged status Not for loan Date acquired Barcode Date last seen Price effective from Koha item type
        2018-12-17 36920 2018-12-17 2018-12-17 წიგნი